000 nam a22 7a 4500
999 _c51515
_d51515
003 OSt
005 20220401110310.0
008 220401b xxu||||| |||| 00| 0 eng d
040 _csero soft
100 _ahussain ,Naushad
245 _acomputer Science
260 _aDelhi
_bShipra
_cShipra pub New Delhi
300 _a262
942 _2ddc
_c02